Les 10 mangas les plus vendus au Japon au premier semestre 2024 - Statistiques

Statistiques générales
  • Ce quiz a été pris 130 fois
  • Le résultat moyen est 3 sur 10
Statistiques - réponses
Nombre de tomes vendus Nom du manga % Correct
4 2 189 898 One Piece
96%
1 4 630 685 Jujutsu Kaisen
67%
10 1 265 073 My Hero Academia
49%
5 2 149 862 Blue Lock
35%
7 1 607 838 Spy x Family
23%
2 4 350 795 Frieren
12%
8 1 607 465 Kingdom
12%
6 1 863 720 Haikyuu!!
11%
9 1 275 234 Mashle
10%
3 3 790 236 Les Carnets de l'apothicaire
9%
Aucun quiz correspondant
Distribution des résultats
% des personnes avec chaque résultat
Percentile par nombre de réponses
Votre historique - résultats
Vous n’avez pas pris ce quiz